Asignación económica de unidades térmicas

保存先:
書誌詳細
第一著者: Saborío Ramírez, Sergio
フォーマット: 図書
出版事項: [San José, Costa Rica] 2002
主題:
タグ: タグ追加
タグなし, このレコードへの初めてのタグを付けませんか!

MARC

LEADER 00000nam a2200000Ia 4500
003 009094
005 20221231144150.0
008 140114s2000 cr a m 000 ||s d
040 |c cru CEDI 
090 |a TFG 4645 
100 |a Saborío Ramírez, Sergio  |9 5888 
245 |a Asignación económica de unidades térmicas  
260 |c 2002  |a  [San José, Costa Rica] 
300 |a  x, 50 hojas : ilustraciones a color  
500 |a  Proyecto de graduación (bachillerato en ingeniería eléctrica) -- Universidad de Costa Rica. Facultad de Ingeniería. Escuela de Ingeniería Eléctrica 
650 |x CONDUCTIVIDAD TERMICA   |x  AUTOMATIZACION   |x SIMULACION POR COMPUTADORA   |x DISTRIBUCION DE ENERGIA ELECTRICA   |x ASPECTOS ECONOMICOS  |9 7131 
942 |c TFG 
999 |c 17831  |d 17831